| 000 | 01919cam a22004694i 4500 | ||
|---|---|---|---|
| 003 | PE-LiUPU | ||
| 005 | 20250731165411.0 | ||
| 008 | 151021s1999 pe a grm 000 0 spa d | ||
| 035 | _a(Sirsi) a155029 | ||
| 040 |
_aPE-LiUPU _bspa _cPE-LiUPU _erda |
||
| 099 |
_aTEF 2 _bP19 1999 |
||
| 100 | 1 |
_aPalomino Choque, Lucía _eautor |
|
| 245 | 1 |
_aOpiniones sobre maltrato del menor expresadas por niños de 9 a 12 años del C.E.N, " Reino de España", Barranco, 1999 / _cLucía Palomino Choque. |
|
| 264 | 0 | _c1999. | |
| 300 |
_a45 hojas _c30 cm |
||
| 336 |
_atext _2rdacontent |
||
| 337 |
_aunmediated _2rdamedia |
||
| 338 |
_avolume _2rdacarrier |
||
| 502 |
_aTesis _b(Lic.) -- _cUniversidad Peruana Unión, _d199. |
||
| 504 | _aIncluye referencias | ||
| 520 | 3 | _aEl presente estudio de investigación tuvo como objetivo principal determinar las opiniones que expresan los niños de 9-12 años respecto al maltrato del menor. C.E.N. Reino de España-Barranco 1999. El tipo de estudio es una investigación descriptiva, transversal en el que se encuesto a una población de 82 escolares. Los resultados encontrados fueron los siguientes: Los menores experimentan agresión física en un 29,3 por ciento, agresión social en un 30,5 por ciento y la agresión psico-emocional en un 39 por ciento. | |
| 526 | _aSEG44 | ||
| 526 | _aSEG26 | ||
| 526 | _aP151 | ||
| 526 | _aP150 | ||
| 526 | _aP149 | ||
| 526 | _aP146 | ||
| 526 | _aP145 | ||
| 526 | _aP126 | ||
| 526 | _aP125 | ||
| 526 | _aP92 | ||
| 526 | _aP75 | ||
| 526 | _aP74 | ||
| 526 | _aP27 | ||
| 526 | _aP15 | ||
| 650 | 0 | 4 |
_aNiños _xAbuso del niño. |
| 650 | 0 | 4 | _aAbuso del niño. |
| 700 | 1 |
_aVelásquez Martínez, Patricia _eautor |
|
| 596 | _a1 | ||
| 942 |
_2ddc _cTESIS |
||
| 999 |
_aTEF 2 P19 1999 _wALPHANUM _c7721 _iT00322 _lCCODEBUL3 _mBUL _r1 _sY _tTESIS _u2015-10-21 _xSALUD _PP22 _o.STAFF. Tesis _d7721 |
||
| 980 |
_81 _gALBERTO SANCHEZ Responsable de Automatización |
||